<?xml version="1.0" encoding="UTF-8"?>
<record
    xmlns:xsi="http://www.w3.org/2001/XMLSchema-instance"
    xsi:schemaLocation="http://www.loc.gov/MARC21/slim http://www.loc.gov/standards/marcxml/schema/MARC21slim.xsd"
    xmlns="http://www.loc.gov/MARC21/slim">

  <leader>00536nam a2200169Ia 4500</leader>
  <datafield tag="999" ind1=" " ind2=" ">
    <subfield code="c">5525</subfield>
    <subfield code="d">5525</subfield>
  </datafield>
  <datafield tag="020" ind1=" " ind2=" ">
    <subfield code="a">8170544017</subfield>
  </datafield>
  <datafield tag="082" ind1=" " ind2=" ">
    <subfield code="a">305.800954 MAN-M</subfield>
  </datafield>
  <datafield tag="100" ind1=" " ind2=" ">
    <subfield code="a">Mangal, Ramesh Chandra</subfield>
  </datafield>
  <datafield tag="245" ind1=" " ind2="0">
    <subfield code="a">Meena janjati me ubharate madhyam varg ke pratiman: ek samajshastriya adhyayan</subfield>
  </datafield>
  <datafield tag="260" ind1=" " ind2=" ">
    <subfield code="a">New Delhi</subfield>
    <subfield code="b">Classical Publishing Company</subfield>
    <subfield code="c">2006</subfield>
  </datafield>
  <datafield tag="300" ind1=" " ind2=" ">
    <subfield code="a">xii, 131</subfield>
  </datafield>
  <datafield tag="650" ind1=" " ind2=" ">
    <subfield code="a">Mina(Indic people)</subfield>
    <subfield code="v">Rajasthan</subfield>
  </datafield>
  <datafield tag="650" ind1=" " ind2=" ">
    <subfield code="a">Tribes</subfield>
    <subfield code="v">Rajasthan</subfield>
  </datafield>
  <datafield tag="650" ind1=" " ind2=" ">
    <subfield code="a">Tribes</subfield>
    <subfield code="v">Social conditions</subfield>
    <subfield code="v">Rajasthan</subfield>
  </datafield>
  <datafield tag="650" ind1=" " ind2=" ">
    <subfield code="a">Tribal government</subfield>
    <subfield code="v">Rajasthan</subfield>
  </datafield>
  <datafield tag="942" ind1=" " ind2=" ">
    <subfield code="c">BK</subfield>
    <subfield code="2">ddc</subfield>
  </datafield>
  <datafield tag="952" ind1=" " ind2=" ">
    <subfield code="0">0</subfield>
    <subfield code="1">0</subfield>
    <subfield code="2">ddc</subfield>
    <subfield code="4">0</subfield>
    <subfield code="7">0</subfield>
    <subfield code="8">Hindi Books</subfield>
    <subfield code="a">NASSDOC</subfield>
    <subfield code="b">NASSDOC</subfield>
    <subfield code="d">2007-05-14</subfield>
    <subfield code="e">Gifted by : ICSSR</subfield>
    <subfield code="i">2007-04-19</subfield>
    <subfield code="l">0</subfield>
    <subfield code="o">305.800954 MAN-M</subfield>
    <subfield code="p">43385</subfield>
    <subfield code="r">2019-04-18 00:00:00</subfield>
    <subfield code="w">2019-04-18</subfield>
    <subfield code="y">BK</subfield>
    <subfield code="z">&#x939;&#x93F;&#x902;&#x926;&#x940; &#x92A;&#x941;&#x938;&#x94D;&#x924;&#x915;&#x94B;&#x902; &#x92A;&#x930; &#x935;&#x93F;&#x936;&#x947;&#x937; &#x938;&#x902;&#x917;&#x94D;&#x930;&#x939;</subfield>
  </datafield>
  <datafield tag="952" ind1=" " ind2=" ">
    <subfield code="0">0</subfield>
    <subfield code="1">0</subfield>
    <subfield code="2">ddc</subfield>
    <subfield code="4">0</subfield>
    <subfield code="7">0</subfield>
    <subfield code="8">Hindi Books</subfield>
    <subfield code="a">NASSDOC</subfield>
    <subfield code="b">NASSDOC</subfield>
    <subfield code="d">2007-05-14</subfield>
    <subfield code="e">Gifted by : ICSSR</subfield>
    <subfield code="i">2007-04-19</subfield>
    <subfield code="l">1</subfield>
    <subfield code="o">305.800954 MAN-M</subfield>
    <subfield code="p">43386</subfield>
    <subfield code="r">2026-02-09 17:04:22</subfield>
    <subfield code="s">2026-02-05</subfield>
    <subfield code="w">2019-04-18</subfield>
    <subfield code="y">BK</subfield>
    <subfield code="z">&#x939;&#x93F;&#x902;&#x926;&#x940; &#x92A;&#x941;&#x938;&#x94D;&#x924;&#x915;&#x94B;&#x902; &#x92A;&#x930; &#x935;&#x93F;&#x936;&#x947;&#x937; &#x938;&#x902;&#x917;&#x94D;&#x930;&#x939;</subfield>
  </datafield>
</record>
